ATOMIC HABITS (Record no. 1218191)

MARC details
000 -LEADER
fixed length control field 00409nam a2200169Ia 4500
008 - FIXED-LENGTH DATA ELEMENTS--GENERAL INFORMATION
fixed length control field 260330s2022 xx 000 0 und d
020 ## - INTERNATIONAL STANDARD BOOK NUMBER
International Standard Book Number 978-1-84-794183-1
041 ## - LANGUAGE CODE
Language code of text/sound track or separate title eng
082 ## - DEWEY DECIMAL CLASSIFICATION NUMBER
Classification number 158.1
Item number JAC
100 ## - MAIN ENTRY--PERSONAL NAME
Personal name JAMES CLEAR
245 ## - TITLE STATEMENT
Title ATOMIC HABITS
260 ## - PUBLICATION, DISTRIBUTION, ETC.
Place of publication, distribution, etc. Pune
Name of publisher, distributor, etc. PENGUIN BOOKS LTD. PUNE
Date of publication, distribution, etc. 2022
300 ## - PHYSICAL DESCRIPTION
Extent 306pg
Other physical details PB
365 ## - TRADE PRICE
Currency code Rs.
650 ## - SUBJECT ADDED ENTRY--TOPICAL TERM
Topical term or geographic name entry element Habit Formation
700 ## - ADDED ENTRY--PERSONAL NAME
Personal name JAMES CLEAR
Holdings
Withdrawn status Lost status Damaged status Not for loan Home library Current library Date acquired Source of acquisition Cost, normal purchase price Total Checkouts Full call number Barcode Date last seen Date last checked out Cost, replacement price Price effective from Koha item type
        Abhijit Kadam Institute of Management & Social Science, Solapur Abhijit Kadam Institute of Management & Social Science, Solapur 21/01/2026 BMSGB, Pune 809.10 2 158.1/JAC AKS-C-04671 29/04/2026 22/04/2026 809.10 30/03/2026 Book